000 00438nam a2200181Ia 4500
005 20240823044316.0
008 240823s9999||||xx |||||||||||||| ||und||
041 _aENGLISH
082 _A133 Q3
100 _aSwami Srikantananda
245 0 _aPower your Mind
250 _a1st
260 _c2013
_bVivekanda Institute of Human Excel
500 _aTRANSFERED
650 _apower your mind
_bGeneral
942 _cBK
999 _c212261
_d212261